El caso Maurizius / (Record no. 134239)

MARC details
000 -LEADER
campo de control de longitud fija 00670nam a2200217 i 4500
001 - NÚMERO DE CONTROL
campo de control 134239
003 - IDENTIFICADOR DE NÚMERO DE CONTROL
campo de control ES-MaACL
005 - FECHA Y HORA DE LA ÚLTIMA TRANSACCIÓN
campo de control 20231102063033.0
007 - CAMPO FIJO DE DESCRIPCIÓN FÍSICA--INFORMACIÓN GENERAL
campo de control de longitud fija t|
008 - DATOS DE LONGITUD FIJA--INFORMACIÓN GENERAL
campo de control de longitud fija 070907s1956 sp ||||1| spa d
100 1# - ENTRADA PRINCIPAL--NOMBRE DE PERSONA
Nombre de persona Wassermann, Jakob,
Fechas asociadas al nombre 1873-1934
9 (RLIN) 116154
245 13 - MENCIÓN DEL TÍTULO
Título El caso Maurizius /
Mención de responsabilidad, etc. Jakob Wassermann ; [traducción del alemán por Manuel Scholz].
250 ## - MENCION DE EDICION
Mención de edición 1ª ed.
260 ## - PUBLICACIÓN, DISTRIBUCIÓN, ETC.
Lugar de publicación, distribución, etc. Barcelona :
Nombre del editor, distribuidor, etc. José Janés,
Fecha de publicación, distribución, etc. 1956.
300 ## - DESCRIPCIÓN FÍSICA
Extensión 457 p. ;
Dimensiones 17 cm.
490 1# - MENCIÓN DE SERIE
Mención de serie El club de los lectores
700 1# - ENTRADA AGREGADA--NOMBRE PERSONAL
Nombre de persona Scholz, Manuel.
9 (RLIN) 104641
830 0# - PUNTO DE ACCESO ADICIONAL DE SERIE-TÍTULO UNIFORME
Título uniforme El club de los lectores
9 (RLIN) 181015
852 ## - LOCALIZACIÓN
Ubicación ES-MaACL
Número de control de estantería C-12616
Sublocalización o colección R.39443
Holdings
Estatus retirado Estado de pérdida Estado de daño No para préstamo Biblioteca de origen Biblioteca actual Ubicación en estantería Fecha de adquisición Fuente de adquisición Total de préstamos Signatura topográfica completa Código de barras Visto por última vez Precio de reemplazo Tipo de ítem Koha
        Biblioteca del Ateneo de Madrid Biblioteca del Ateneo de Madrid Sala Palomar 17/01/2008     C-12616 1139733 23/02/2023 23/02/2023 Libro impreso